| 000 | 00676nam a2200277Ia 4500 | ||
|---|---|---|---|
| 008 | 160525s9999||||xx |||||||||||||| ||und|| | ||
| 040 | _cMarathi | ||
| 082 | _aVIII.A/Bhat | ||
| 082 | _bBORI-85892 | ||
| 100 | _aM.D. Bhat | ||
| 245 | _aHarshal Neptun Pluto | ||
| 260 | _aJoshi Brothers Book Selers And Publications | ||
| 260 | _cPune | ||
| 300 | _a259 | ||
| 300 | _cA | ||
| 300 | _ePaperback | ||
| 530 | _u00085892.pdf | ||
| 563 | _aStudy | ||
| 600 | _aM.D. Bhat | ||
| 630 | _aHarshal Neptun Pluto | ||
| 650 | _a"Astronomy,Astrology Maths" | ||
| 650 | _aTechnical Science | ||
| 700 | _aM.D. Bhat | ||
| 730 | _aHarshal Neptun Pluto | ||
| 942 | _cBOOK | ||
| 999 |
_c1384277 _d1384274 |
||